| 000 | 00373 a2200133 4500 | ||
|---|---|---|---|
| 082 | _a341 MOI | ||
| 090 |
_c2833 _d2833 |
||
| 100 | _aMoini,Saiyyad Muhammad Saleem. | ||
| 245 |
_aInternational Law _cDr.Saiyyad Muhammad Saleem Moini |
||
| 260 |
_aLahore _bPakistan Writers Co-operative Society. _c1995 |
||
| 300 | _a451p | ||
| 500 | _aHard cover | ||
| 942 |
_aNBS _cBK _k341 MOI |
||
| 999 |
_c345323 _d345323 |
||